[Event "XXXVI C.to Italiano a squadre A2"]
[Site "ITA"]
[Date "2004.05.09"]
[Round "7"]
[White "Gueci, Riccardo"]
[Black "Capitelli, Paolo"]
[Result "0-1"]
[WhiteElo "2122"]
[BlackElo "2137"]
[PlyCount "160"]
[EventDate "2004.02.22"]

1. e4 c5 2. Nf3 e6 3. d4 cxd4 4. c3 d5 5. exd5 Qxd5 6. cxd4 Nf6 7. Nc3 Qd6 8.
Bd3 Be7 9. O-O O-O 10. Re1 Nc6 11. Be3 Nb4 12. Bb1 a6 13. Ne5 Nbd5 14. Qf3 b5
15. Qh3 Bb7 16. Ng4 g6 17. Ne5 Nxe3 18. fxe3 Nd5 19. Ne4 Qb4 20. Nd3 Qa5 21.
Bc2 Nb4 22. Nxb4 Qxb4 23. Rab1 Rac8 24. Bd3 Qa5 25. b4 Qa3 26. Red1 Bxe4 27.
Bxe4 Rc3 28. Re1 Bg5 29. Rb3 Rxb3 30. axb3 Qxb4 31. Qg3 Be7 32. Rb1 Qc3 33. Qe1
Qxe1+ 34. Rxe1 Rc8 35. Re2 Rc3 36. Bc2 Bg5 37. e4 Be3+ 38. Kf1 Bxd4 39. Ke1 Re3
40. Rxe3 Bxe3 41. Ke2 Bg1 42. h3 e5 43. g4 Kf8 44. h4 Ke7 45. Bd1 h6 46. Kd3
Bd4 47. h5 gxh5 48. gxh5 a5 49. Bg4 Kd6 50. Kc2 Kc5 51. Bd7 Kb4 52. Be8 f6 53.
Bd7 a4 54. bxa4 bxa4 55. Be8 a3 56. Bf7 Bc3 57. Kd3 Bb2 58. Be6 Kc5 59. Bb3 Kd6
60. Ke3 Bc1+ 61. Kd3 Ke7 62. Kc2 Bb2 63. Bc4 f5 64. exf5 Kf6 65. Bd3 Bd4 66.
Kb3 Kg5 67. Kxa3 Kxh5 68. Kb4 Kg5 69. Be4 h5 70. Kc4 h4 71. Kd5 Kf6 72. Kc4 h3
73. Kd5 Be3 74. Kd6 Bh6 75. Kd5 Bg7 76. Kd6 Kg5 77. Ke6 Kf4 78. Kd5 Bf6 79. Bd3
h2 80. Be4 Bh8 0-1

[Event "XXXVI C.to Italiano a squadre A2"]
[Site "ITA"]
[Date "2004.05.09"]
[Round "7"]
[White "Pizzuto, Samuele Tullio"]
[Black "Ljubisavljevic, Zivojin Z."]
[Result "1-0"]
[WhiteElo "2137"]
[BlackElo "2304"]
[PlyCount "90"]
[EventDate "2004.02.22"]

1. e4 e6 2. b3 d5 3. Bb2 dxe4 4. Nc3 Nf6 5. Qe2 Qd4 6. O-O-O Be7 7. g4 h6 8.
Bg2 Nc6 9. Nxe4 Ba3 10. c3 Bxb2+ 11. Kxb2 Qd8 12. d4 O-O 13. h4 Nxg4 14. Qxg4
f5 15. Qg3 fxe4 16. Bxe4 Qd6 17. Qg2 e5 18. Ne2 exd4 19. Nxd4 Nxd4 20. Rxd4 Qf6
21. Bxb7 Bxb7 22. Qxb7 Qxf2+ 23. Ka3 Qf3 24. Qxf3 Rxf3 25. Rd7 Rf7 26. Rhd1
Raf8 27. R7d5 Kh7 28. c4 Rf4 29. h5 R8f5 30. Kb4 c6 31. Rc5 Rxc5 32. Kxc5 Rf5+
33. Kxc6 Rxh5 34. c5 Rh2 35. Kd7 Rc2 36. c6 h5 37. c7 h4 38. c8=Q Rxc8 39. Kxc8
g5 40. Kd7 Kg6 41. Ke6 g4 42. Rd8 Kg5 43. Ke5 h3 44. Rg8+ Kh4 45. Kf4 Kh5 1-0

[Event "XII Open Vallee d'Aoste A"]
[Site "Saint Vincent - Chatillon ITA"]
[Date "2004.02.08"]
[Round "1"]
[White "Bartolozzi, Roberto"]
[Black "Ortega, Lexy"]
[Result "1/2-1/2"]
[WhiteElo "2049"]
[BlackElo "2454"]
[PlyCount "83"]
[EventDate "2004.02.08"]

1. Nf3 c5 2. c4 Nc6 3. Nc3 e5 4. g3 g6 5. Bg2 Bg7 6. O-O Nge7 7. d3 d6 8. Rb1
O-O 9. a3 a5 10. Ne1 Be6 11. Nc2 d5 12. cxd5 Nxd5 13. Ne4 Qe7 14. Ng5 Rfd8 15.
Nxe6 Qxe6 16. Bd2 Bf8 17. e3 Nde7 18. Qe2 Qd7 19. Ne1 a4 20. f4 exf4 21. Rxf4
f5 22. Kh1 Nd5 23. Rf2 Nf6 24. Bc3 Ng4 25. Rf1 Bg7 26. Bxg7 Qxg7 27. Bxc6 bxc6
28. Rc1 Rab8 29. Rc2 Re8 30. e4 c4 31. Rxc4 Rxb2 32. Rc2 Rb1 33. Rxc6 Qa1 34.
h3 Nf6 35. g4 f4 36. Rc7 Nd5 37. Ra7 Ne3 38. Rg1 Rc8 39. Qf2 g5 40. h4 Qf6 41.
Qa2+ Rb3 42. Rxa4 1/2-1/2

[Event "XII Open Vallee d'Aoste A"]
[Site "Saint Vincent - Chatillon ITA"]
[Date "2004.02.08"]
[Round "1"]
[White "Bonafede, Alessandro"]
[Black "Drabke, Lorenz Maximilian"]
[Result "0-1"]
[WhiteElo "2036"]
[BlackElo "2439"]
[PlyCount "80"]
[EventDate "2004.02.08"]

1. e4 c5 2. Nf3 e6 3. d3 Nc6 4. g3 Nge7 5. Bg2 g6 6. O-O Bg7 7. Re1 d6 8. c3 e5
9. a3 a5 10. a4 O-O 11. Na3 h6 12. Nb5 f5 13. Nd2 Be6 14. Nc4 Nc8 15. Ne3 Kh7
16. Nd5 Bf7 17. Be3 N8e7 18. Nbc7 Rc8 19. Nxe7 Nxe7 20. Nd5 Nxd5 21. exd5 Qd7
22. f4 Rce8 23. Qc2 exf4 24. Bxf4 g5 25. Be3 Bg6 26. Qd2 Re7 27. b3 b5 28. d4
b4 29. cxb4 Rxe3 30. Rxe3 Bxd4 31. Rae1 Re8 32. Kh1 Bxe3 33. Rxe3 cxb4 34. Bf1
Qa7 35. Rxe8 Bxe8 36. Bd3 Bg6 37. Qe2 Qf7 38. Bc4 f4 39. gxf4 gxf4 40. Bd3
Qxd5+ 0-1

[Event "XII Open Vallee d'Aoste A"]
[Site "Saint Vincent - Chatillon ITA"]
[Date "2004.02.08"]
[Round "1"]
[White "Boschetti, Claudio"]
[Black "Delchev, Aleksander"]
[Result "0-1"]
[WhiteElo "2101"]
[BlackElo "2624"]
[PlyCount "55"]
[EventDate "2004.02.08"]

1. e4 g6 2. d4 Bg7 3. Nc3 c6 4. Nf3 d5 5. h3 Nh6 6. exd5 cxd5 7. Bb5+ Nc6 8.
O-O f6 9. Re1 O-O 10. Bf4 Nf7 11. Bxc6 bxc6 12. Na4 Re8 13. c4 e5 14. Be3 e4
15. Nd2 f5 16. cxd5 cxd5 17. Nb3 Nd6 18. Qc1 Nc4 19. Nd2 Nxe3 20. fxe3 f4 21.
Nb3 f3 22. Qd2 Qg5 23. h4 Qxh4 24. gxf3 exf3 25. Qh2 Bh3 26. Nc3 Bf6 27. Qf4
Qxf4 28. exf4 0-1

[Event "XII Open Vallee d'Aoste A"]
[Site "Saint Vincent - Chatillon ITA"]
[Date "2004.02.08"]
[Round "1"]
[White "Bossoni, Mario"]
[Black "Contin, Daniel"]
[Result "0-1"]
[WhiteElo "2011"]
[BlackElo "2394"]
[PlyCount "104"]
[EventDate "2004.02.08"]

1. e4 e6 2. Nf3 d5 3. e5 Bd7 4. d4 c5 5. c3 Qb6 6. Bd3 Bb5 7. O-O Bxd3 8. Qxd3
Qa6 9. Qxa6 Nxa6 10. Be3 Nh6 11. dxc5 Nxc5 12. Bxc5 Bxc5 13. Nbd2 Rc8 14. Nb3
Bb6 15. Rac1 f6 16. Rfe1 Ng4 17. Re2 fxe5 18. Nxe5 Bxf2+ 19. Rxf2 Nxe5 20. Re2
Nd3 21. Rd1 Nf4 22. Re5 Kd7 23. g3 Ng6 24. Rg5 Rhf8 25. h4 Rf7 26. Rf1 Rxf1+
27. Kxf1 Ke7 28. Rg4 Kf6 29. Rb4 Rc7 30. Nd4 Rd7 31. Nb5 a5 32. Ra4 Ne5 33.
Rf4+ Ke7 34. Ke2 Nc4 35. b3 Nd6 36. Nxd6 Kxd6 37. Rf8 e5 38. Ra8 Rc7 39. Kd2
Rf7 40. Ke2 b6 41. Rd8+ Ke6 42. Rb8 Kf5 43. Rxb6 Ke4 44. Rb5 Rc7 45. Kd2 Rf7
46. Rxa5 Rf2+ 47. Ke1 Rc2 48. b4 Rxc3 49. Rc5 Rxg3 50. b5 Rg1+ 51. Kd2 Rg2+ 52.
Kc1 Rxa2 0-1

[Event "XII Open Vallee d'Aoste A"]
[Site "Saint Vincent - Chatillon ITA"]
[Date "2004.02.08"]
[Round "1"]
[White "Bruzon Batista, Lazaro"]
[Black "Cavatorta, Fosco"]
[Result "1-0"]
[WhiteElo "2603"]
[BlackElo "2088"]
[PlyCount "75"]
[EventDate "2004.02.08"]

1. e4 d6 2. d4 Nf6 3. Nc3 g6 4. Bg5 Bg7 5. Qd2 h6 6. Bf4 g5 7. Bg3 Nh5 8. O-O-O
Nd7 9. e5 dxe5 10. dxe5 Nxg3 11. hxg3 Bxe5 12. f4 gxf4 13. gxf4 Bg7 14. Nf3 c6
15. Ne5 Qc7 16. Bc4 Nxe5 17. fxe5 Be6 18. Bxe6 fxe6 19. Rde1 Rd8 20. Qe3 Rf8
21. Qe4 Rf5 22. g4 Rg5 23. Rh5 Rxh5 24. gxh5 Kd7 25. Qd3+ Kc8 26. Qg6 Bf8 27.
Qxe6+ Qd7 28. Qxd7+ Rxd7 29. Rg1 Kd8 30. Ne2 Rd5 31. Nf4 Rxe5 32. Rg8 Ke8 33.
Rxf8+ Kxf8 34. Ng6+ Kf7 35. Nxe5+ Kf6 36. Ng6 e6 37. Kd2 e5 38. Ke3 1-0

[Event "XII Open Vallee d'Aoste A"]
[Site "Saint Vincent - Chatillon ITA"]
[Date "2004.02.08"]
[Round "1"]
[White "Flament, Alexandre"]
[Black "Nevednichy, Vladislav"]
[Result "0-1"]
[WhiteElo "2070"]
[BlackElo "2548"]
[PlyCount "62"]
[EventDate "2004.02.08"]

1. e4 c5 2. d4 cxd4 3. c3 dxc3 4. Nxc3 d6 5. Bc4 e6 6. Nf3 a6 7. a4 Nc6 8. O-O
Nf6 9. Qe2 Be7 10. Rd1 Qc7 11. h3 O-O 12. Bf4 Nd7 13. Rac1 Nde5 14. Ba2 Qa5 15.
Nd2 b5 16. Nb3 Qd8 17. a5 Bd7 18. Nd4 Qxa5 19. Nxc6 Bxc6 20. Ra1 Qc7 21. Rac1
Qb7 22. b4 a5 23. bxa5 Rxa5 24. Rb1 Rfa8 25. Rb2 h6 26. Rdb1 Bf6 27. Bb3 Ra1
28. Kh2 b4 29. Ba2 Rxb1 30. Nxb1 Ng6 31. Nd2 Ra3 0-1

[Event "XII Open Vallee d'Aoste A"]
[Site "Saint Vincent - Chatillon ITA"]
[Date "2004.02.08"]
[Round "1"]
[White "Forno, Roberto"]
[Black "Borgo, Giulio"]
[Result "0-1"]
[WhiteElo "2023"]
[BlackElo "2409"]
[PlyCount "106"]
[EventDate "2004.02.08"]

1. d4 d5 2. Nf3 Nf6 3. c4 e6 4. e3 Nbd7 5. Bd3 dxc4 6. Bxc4 Bd6 7. Nc3 O-O 8.
e4 e5 9. O-O exd4 10. Qxd4 Qe7 11. Bg5 c6 12. e5 Bxe5 13. Qh4 Bxc3 14. bxc3 Qe4
15. Rfe1 Qxh4 16. Bxh4 Nb6 17. Bb3 Nfd5 18. c4 Nf4 19. Bg3 Ne6 20. Bd6 Rd8 21.
Rad1 Bd7 22. c5 Nd5 23. Ne5 Be8 24. Bxd5 cxd5 25. Be7 Ba4 26. Rd2 Re8 27. Bd6
f6 28. Nf3 Bc6 29. Rb1 Rad8 30. g4 Kf7 31. h4 h5 32. g5 Rd7 33. Kh2 Nd8 34. Kg3
Re4 35. Nd4 Rg4+ 36. Kh3 fxg5 37. hxg5 Rxg5 38. Rb3 Kg6 39. f4 Rg4 40. f5+ Kh7
41. Re3 Nf7 42. Bb8 Ng5+ 43. Kh2 Ne4 44. Rc2 Ba4 45. Ne6 Bxc2 46. Nf8+ Kg8 47.
Nxd7 d4 48. Rf3 d3 49. f6 gxf6 50. Rxf6 Rh4+ 51. Kg2 Nxf6 52. Nxf6+ Kf7 53. Bg3
d2 0-1

[Event "XII Open Vallee d'Aoste A"]
[Site "Saint Vincent - Chatillon ITA"]
[Date "2004.02.08"]
[Round "1"]
[White "Frank, Albert"]
[Black "Golod, Vitali"]
[Result "0-1"]
[WhiteElo "2066"]
[BlackElo "2544"]
[PlyCount "92"]
[EventDate "2004.02.08"]

1. b3 e5 2. Bb2 Nc6 3. e3 Nf6 4. Bb5 Bd6 5. Ne2 O-O 6. O-O Re8 7. f4 exf4 8.
Nxf4 Be5 9. Bc3 d5 10. Nh5 d4 11. Nxf6+ Bxf6 12. exd4 Bxd4+ 13. Kh1 Bd7 14.
Bxd4 Nxd4 15. Bc4 Be6 16. Nc3 c6 17. Bd3 Qg5 18. Ne4 Qe5 19. Ng3 Rad8 20. Qh5
Qxh5 21. Nxh5 Bd5 22. Rae1 Ne6 23. Re3 Nf8 24. Rfe1 Rxe3 25. Rxe3 Be6 26. a4
Ng6 27. Kg1 Rd5 28. g4 Bxg4 29. Re8+ Nf8 30. Nf4 Rd4 31. Ng2 g6 32. Rb8 b6 33.
Ra8 Rd7 34. Ne3 Be6 35. Kf2 Bxb3 36. Ng4 Kg7 37. Ne5 Rd5 38. cxb3 Rxe5 39. Rxa7
Rd5 40. Ke3 Ne6 41. Be4 Rh5 42. b4 Rh3+ 43. Ke2 Rxh2+ 44. Kd3 Rh4 45. a5 bxa5
46. bxa5 Nc5+ 0-1

[Event "XII Open Vallee d'Aoste A"]
[Site "Saint Vincent - Chatillon ITA"]
[Date "2004.02.08"]
[Round "1"]
[White "Gardi, Giuseppe"]
[Black "Cebalo, Miso"]
[Result "0-1"]
[WhiteElo "2053"]
[BlackElo "2475"]
[PlyCount "94"]
[EventDate "2004.02.08"]

1. d4 Nf6 2. Nf3 g6 3. Bf4 Bg7 4. h3 c5 5. c3 b6 6. e3 O-O 7. Be2 Bb7 8. O-O d5
9. a4 Nc6 10. Ne5 Nd7 11. Nxd7 Qxd7 12. Bb5 a6 13. Bxc6 Qxc6 14. Nd2 f6 15. Bg3
e5 16. b4 exd4 17. cxd4 c4 18. Nb1 Qe6 19. Nc3 Rad8 20. a5 b5 21. Bc7 Rd7 22.
Bb6 Re8 23. Qf3 f5 24. Bc5 g5 25. Qg3 Qg6 26. f4 gxf4 27. Qxg6 hxg6 28. exf4
Re3 29. Rac1 Bh6 30. Kh2 Rd8 31. g3 Rde8 32. Kg2 Bf8 33. Bxf8 Kxf8 34. Rfd1
R8e6 35. Kf2 Ke7 36. h4 Kd6 37. Rd2 Bc6 38. Rdd1 Bd7 39. Rc2 Be8 40. Rcc1 Bf7
41. Rd2 g5 42. fxg5 Bh5 43. Kg2 Rd3 44. Rxd3 cxd3 45. Rf1 d2 46. Rxf5 Re3 47.
Rxd5+ Ke6 0-1

[Event "XII Open Vallee d'Aoste A"]
[Site "Saint Vincent - Chatillon ITA"]
[Date "2004.02.08"]
[Round "1"]
[White "Gershon, Alik"]
[Black "Pegoraro, Nicola"]
[Result "1-0"]
[WhiteElo "2546"]
[BlackElo "2068"]
[PlyCount "61"]
[EventDate "2004.02.08"]

1. d4 f5 2. Nf3 Nf6 3. c4 g6 4. g3 Bg7 5. b4 c6 6. Bg2 O-O 7. O-O Na6 8. b5 Nc7
9. Bb2 Qe8 10. a4 Ne4 11. Nbd2 Nd6 12. Qc2 Nf7 13. e4 d6 14. Rfe1 fxe4 15. Nxe4
Bf5 16. Nh4 Qd7 17. Nxf5 gxf5 18. Nd2 e5 19. bxc6 bxc6 20. dxe5 dxe5 21. Nf3
Rab8 22. Rad1 Qe7 23. Nd4 Qb4 24. Bc3 Qxc4 25. Nxc6 Rb3 26. Rc1 Re8 27. Na5
Qxc3 28. Nxb3 Qxc2 29. Rxc2 Re7 30. Nd4 Nd6 31. Nc6 1-0

[Event "XII Open Vallee d'Aoste A"]
[Site "Saint Vincent - Chatillon ITA"]
[Date "2004.02.08"]
[Round "1"]
[White "Iordachescu, Viorel"]
[Black "Diotallevi, Maurizio"]
[Result "1-0"]
[WhiteElo "2634"]
[BlackElo "2102"]
[PlyCount "107"]
[EventDate "2004.02.08"]

1. e4 e6 2. d4 d5 3. Nc3 dxe4 4. Nxe4 Nd7 5. g3 Ngf6 6. Nxf6+ Nxf6 7. Bg2 c5 8.
Nf3 cxd4 9. Qxd4 Qxd4 10. Nxd4 a6 11. O-O Bc5 12. Nb3 Bd6 13. Rd1 Bc7 14. Be3
O-O 15. a4 Rb8 16. Ba7 Ra8 17. Bc5 Re8 18. Bd6 Bxd6 19. Rxd6 Rb8 20. a5 Kf8 21.
Rad1 Ke7 22. c4 Nd7 23. f4 Nf6 24. c5 g6 25. Bf3 h5 26. R1d2 Rg8 27. Rb6 Rd8
28. c6 Rxd2 29. Nxd2 Nd5 30. Bxd5 exd5 31. Nb3 Kd8 32. Kf2 Kc7 33. Nd4 bxc6 34.
Rxb8 Kxb8 35. Nxc6+ Kc7 36. Nd4 Kd6 37. b4 f6 38. Ke3 Bd7 39. h4 Be8 40. Kd3
Bd7 41. Kc3 Be8 42. Nc2 Bd7 43. Kd4 Be6 44. b5 axb5 45. Nb4 Bf7 46. a6 Kc7 47.
Kc5 d4 48. Kxb5 Bb3 49. Kc5 Bf7 50. Kxd4 Kb6 51. Nd5+ Kxa6 52. Nxf6 Kb6 53. Ke5
Kc6 54. f5 1-0

[Event "XII Open Vallee d'Aoste A"]
[Site "Saint Vincent - Chatillon ITA"]
[Date "2004.02.08"]
[Round "1"]
[White "Kveinys, Aloyzas"]
[Black "Carola, Paolo"]
[Result "1-0"]
[WhiteElo "2511"]
[BlackElo "2059"]
[PlyCount "41"]
[EventDate "2004.02.08"]

1. e4 e5 2. Nf3 Nf6 3. d4 Nxe4 4. Bd3 d5 5. Nxe5 Be7 6. O-O Bf5 7. Qf3 Qc8 8.
Nc3 Nxc3 9. Bxf5 Ne2+ 10. Kh1 Nxd4 11. Bxc8 Nxf3 12. Nxf3 Nd7 13. Bxb7 Rb8 14.
Bc6 Kd8 15. Bxd5 Bf6 16. Bg5 Bxg5 17. Nxg5 Rb5 18. Nxf7+ Ke7 19. Rfe1+ Kf6 20.
Nxh8 Rxd5 21. Rad1 1-0

[Event "XII Open Vallee d'Aoste A"]
[Site "Saint Vincent - Chatillon ITA"]
[Date "2004.02.08"]
[Round "1"]
[White "Mchedlishvili, Mikheil"]
[Black "Astengo, Marcello"]
[Result "1-0"]
[WhiteElo "2557"]
[BlackElo "2072"]
[PlyCount "50"]
[EventDate "2004.02.08"]

1. d4 d5 2. c4 c6 3. Nf3 e6 4. Qc2 Nf6 5. Bg5 h6 6. Bh4 Qa5+ 7. Nbd2 Ne4 8. a3
Nd7 9. Rd1 f5 10. e3 Bd6 11. Bd3 O-O 12. O-O g5 13. Bg3 Be7 14. cxd5 exd5 15.
b4 Qd8 16. b5 c5 17. dxc5 Ndxc5 18. Nxe4 fxe4 19. Bc4 Be6 20. Nd4 Bg4 21. f3
Bh5 22. Ne2 Bf7 23. fxe4 dxc4 24. Rxd8 Raxd8 25. Nd4 Ne6 1-0

[Event "XII Open Vallee d'Aoste A"]
[Site "Saint Vincent - Chatillon ITA"]
[Date "2004.02.08"]
[Round "1"]
[White "Miatello, Alberto"]
[Black "Gagunashvili, Merab"]
[Result "0-1"]
[WhiteElo "2074"]
[BlackElo "2583"]
[PlyCount "78"]
[EventDate "2004.02.08"]

1. e4 d5 2. exd5 Qxd5 3. Nc3 Qa5 4. d4 Nf6 5. Bc4 Bg4 6. f3 Bf5 7. Nge2 c6 8.
g4 Bg6 9. Bd2 Nbd7 10. Nd5 Qd8 11. Nxf6+ Nxf6 12. h4 h5 13. g5 Nd5 14. Bb3 e6
15. Nc3 Bd6 16. Nxd5 cxd5 17. Ba4+ Ke7 18. Qe2 Qb6 19. Bc3 Rhc8 20. Qd2 Qc7 21.
Kf2 a6 22. Bb4 b5 23. Bxd6+ Qxd6 24. Bb3 a5 25. a4 b4 26. Rac1 Ra7 27. Kg2 Rac7
28. Rhe1 Kf8 29. Re2 Rc6 30. Qe3 Bf5 31. Qe5 Qxe5 32. dxe5 Bd3 33. Rd2 Bc4 34.
Bxc4 Rxc4 35. b3 Rc3 36. Kg3 Rxb3 37. cxb3 Rxc1 38. Kg2 Rc3 39. Rb2 Kg8 0-1

[Event "XII Open Vallee d'Aoste A"]
[Site "Saint Vincent - Chatillon ITA"]
[Date "2004.02.08"]
[Round "1"]
[White "Naumkin, Igor"]
[Black "Bondielli, Giorgio"]
[Result "1-0"]
[WhiteElo "2416"]
[BlackElo "2033"]
[PlyCount "61"]
[EventDate "2004.02.08"]

1. d4 f5 2. Nf3 Nf6 3. Bg5 e6 4. Nbd2 Be7 5. Bxf6 Bxf6 6. e4 fxe4 7. Nxe4 O-O
8. c3 b6 9. Bd3 Bb7 10. Qc2 h6 11. h4 Nc6 12. O-O-O a5 13. Kb1 Ba6 14. Bxa6
Rxa6 15. Neg5 Bxg5 16. hxg5 Rxf3 17. gxf3 Qxg5 18. Rdg1 Qf4 19. Qg6 Qf5+ 20.
Qxf5 exf5 21. Rxh6 Ne7 22. Rh5 b5 23. Re1 Kf7 24. Re5 c6 25. Rh1 d5 26. a4 Rb6
27. Rhe1 Rb7 28. Kc2 Rc7 29. b4 axb4 30. a5 bxc3 31. Rxe7+ 1-0

[Event "XII Open Vallee d'Aoste A"]
[Site "Saint Vincent - Chatillon ITA"]
[Date "2004.02.08"]
[Round "1"]
[White "Nisipeanu, Liviu-Dieter"]
[Black "Neri, Enzo"]
[Result "1-0"]
[WhiteElo "2678"]
[BlackElo "2114"]
[PlyCount "73"]
[EventDate "2004.02.08"]

1. d4 d5 2. Nf3 c6 3. c4 e6 4. Nbd2 f5 5. g3 Nd7 6. Bg2 Bd6 7. O-O Ne7 8. b3
O-O 9. Bb2 h6 10. Rc1 g5 11. Ne5 Rf6 12. f4 Nf8 13. fxg5 hxg5 14. e4 Rh6 15.
exd5 exd5 16. Ndf3 Ne6 17. Qd2 Bxe5 18. Nxe5 Kg7 19. cxd5 cxd5 20. Ba3 f4 21.
gxf4 Nxf4 22. Rxf4 gxf4 23. Qxf4 Be6 24. Rc3 Ng6 25. Rg3 Qf6 26. Bc1 Rah8 27.
Qxf6+ Kxf6 28. Bg5+ Kg7 29. Bxh6+ Rxh6 30. Nxg6 Rxg6 31. Kf2 Kf6 32. Rxg6+ Kxg6
33. Kg3 Kf6 34. Kf4 a5 35. a3 Bg8 36. h4 b5 37. b4 1-0

[Event "XII Open Vallee d'Aoste A"]
[Site "Saint Vincent - Chatillon ITA"]
[Date "2004.02.08"]
[Round "1"]
[White "Pipitone, Antonio"]
[Black "Saldano Dayer, Horacio"]
[Result "0-1"]
[WhiteElo "2034"]
[BlackElo "2420"]
[PlyCount "76"]
[EventDate "2004.02.08"]

1. e4 c5 2. Nf3 e6 3. d4 cxd4 4. Nxd4 Nc6 5. Be3 Nf6 6. Bd3 d5 7. Nxc6 bxc6 8.
e5 Nd7 9. f4 Bc5 10. Qe2 Qb6 11. Bc1 O-O 12. c3 a5 13. Nd2 Ba6 14. Bxa6 Rxa6
15. Nf3 Raa8 16. b3 f6 17. Rb1 fxe5 18. fxe5 Rf5 19. a3 Qc7 20. g4 Rxf3 21.
Qxf3 Rf8 22. Qe2 Rf2 23. Qxf2 Bxf2+ 24. Kxf2 Qxe5 25. Bd2 Nc5 26. Be3 Ne4+ 27.
Kf3 Nxc3 28. Rbe1 Qe4+ 29. Kg3 d4 30. Bc1 Qd3+ 31. Kh4 Ne4 32. Rhf1 h6 33. g5
hxg5+ 34. Bxg5 Qc2 35. h3 Qg2 36. Rg1 Qf2+ 37. Kg4 Qf5+ 38. Kh4 Nxg5 0-1

[Event "XII Open Vallee d'Aoste A"]
[Site "Saint Vincent - Chatillon ITA"]
[Date "2004.02.08"]
[Round "1"]
[White "Roiz, Michael"]
[Black "Beccaris, Gabriele"]
[Result "1-0"]
[WhiteElo "2544"]
[BlackElo "2066"]
[PlyCount "43"]
[EventDate "2004.02.08"]

1. Nf3 Nf6 2. c4 c5 3. Nc3 d5 4. cxd5 Nxd5 5. e3 e6 6. d4 cxd4 7. exd4 Nc6 8.
Bc4 Bb4 9. Qd3 O-O 10. O-O Re8 11. Re1 Nb6 12. Bb3 Bf8 13. a3 a6 14. Bg5 Be7
15. h4 Bd7 16. d5 Bxg5 17. Nxg5 exd5 18. Nxd5 Bf5 19. Rxe8+ Qxe8 20. Nf6+ Kh8
21. Qc3 Qf8 22. Nxf7+ 1-0

[Event "XII Open Vallee d'Aoste A"]
[Site "Saint Vincent - Chatillon ITA"]
[Date "2004.02.08"]
[Round "1"]
[White "Sarno, Spartaco"]
[Black "Squarci, Franco"]
[Result "1-0"]
[WhiteElo "2395"]
[BlackElo "2016"]
[PlyCount "87"]
[EventDate "2004.02.08"]

1. d4 e6 2. Nf3 b6 3. c4 Nf6 4. a3 Bb7 5. Nc3 Be7 6. d5 O-O 7. g3 d6 8. Bg2 e5
9. O-O Nbd7 10. Ne1 Ne8 11. e4 g6 12. b4 Ng7 13. Nd3 a6 14. f4 f6 15. f5 g5 16.
h4 h6 17. Bf3 Qe8 18. Ra2 Qf7 19. Rh2 Kh7 20. Kg2 Rh8 21. Rfh1 g4 22. Bxg4 Kg8
23. Be3 Rh7 24. Qd2 h5 25. Bd1 Kh8 26. Ba4 Rd8 27. Rg1 Nb8 28. Kh1 Bc8 29. Qf2
Rg8 30. Qf3 Bd7 31. c5 b5 32. Bb3 Be8 33. Ra2 Qf8 34. a4 Bf7 35. axb5 axb5 36.
Ra8 Qc8 37. c6 Bg6 38. Rf1 Bf7 39. Kh2 Ne8 40. Rfa1 Rhg7 41. Ne2 Rg4 42. Ba7
Ng7 43. Rxb8 Nxf5 44. Rxc8 1-0

[Event "XII Open Vallee d'Aoste A"]
[Site "Saint Vincent - Chatillon ITA"]
[Date "2004.02.08"]
[Round "1"]
[White "Sautto, Daniele"]
[Black "Gurevich, Mikhail N."]
[Result "0-1"]
[WhiteElo "2114"]
[BlackElo "2656"]
[PlyCount "50"]
[EventDate "2004.02.08"]

1. e4 d6 2. d4 g6 3. Nc3 Bg7 4. Be3 a6 5. a4 Nf6 6. f3 Nc6 7. Bc4 e5 8. Nge2
O-O 9. Qd2 exd4 10. Nxd4 Ne5 11. Ba2 c5 12. Nde2 Be6 13. Nd5 Nxd5 14. Bxd5 Nc4
15. Bxc4 Bxc4 16. Nf4 Bxb2 17. Rb1 Qh4+ 18. Kd1 Qf6 19. Nd5 Bxd5 20. Qxd5 b5
21. Bg5 Qe5 22. Qxe5 Bxe5 23. f4 Bd4 24. axb5 axb5 25. Re1 Rfe8 0-1

[Event "XII Open Vallee d'Aoste A"]
[Site "Saint Vincent - Chatillon ITA"]
[Date "2004.02.08"]
[Round "1"]
[White "Sulava, Nenad"]
[Black "Pircher, Karl"]
[Result "1-0"]
[WhiteElo "2477"]
[BlackElo "2054"]
[PlyCount "49"]
[EventDate "2004.02.08"]

1. d4 d5 2. c4 e6 3. Nc3 Nf6 4. Bg5 Be7 5. e3 O-O 6. Nf3 h6 7. Bh4 b6 8. Bd3
Bb7 9. O-O Nbd7 10. Qe2 dxc4 11. Bxc4 c5 12. Rfd1 Ne4 13. Bg3 Nxg3 14. hxg3 Qc7
15. d5 exd5 16. Nxd5 Bxd5 17. Rxd5 Nf6 18. Rd3 Rad8 19. e4 Rxd3 20. Bxd3 Rd8
21. e5 Nd7 22. e6 Nf6 23. exf7+ Kxf7 24. Ne5+ Kg8 25. Bc4+ 1-0

[Event "XII Open Vallee d'Aoste A"]
[Site "Saint Vincent - Chatillon ITA"]
[Date "2004.02.08"]
[Round "1"]
[White "Zelcic, Robert"]
[Black "Antoniacci, Riccardo"]
[Result "1-0"]
[WhiteElo "2524"]
[BlackElo "2062"]
[PlyCount "79"]
[EventDate "2004.02.08"]

1. e4 c5 2. Nf3 Nc6 3. d4 cxd4 4. Nxd4 g6 5. Nc3 Bg7 6. Nb3 d6 7. Be2 Nf6 8.
O-O O-O 9. Bg5 a5 10. a4 Nb4 11. f4 Qc7 12. Kh1 Be6 13. Nd4 Bc4 14. Ndb5 Bxb5
15. Bxb5 Rac8 16. Qe2 h6 17. Bh4 Kh7 18. Rad1 e6 19. Rd2 d5 20. e5 Ng8 21. Bd3
Nxd3 22. cxd3 Ne7 23. Nb5 Qd7 24. Bf2 Rc6 25. Rc2 Rfc8 26. Rfc1 Rxc2 27. Rxc2
Rxc2 28. Qxc2 Nc6 29. Bc5 Kg8 30. Kg1 Bf8 31. Bxf8 Kxf8 32. Qc5+ Kg7 33. Kf2 g5
34. fxg5 hxg5 35. d4 Qe7 36. Nd6 f6 37. Ke2 fxe5 38. dxe5 Kg6 39. Qc2+ Kh6 40.
Qc3 1-0

[Event "XII Open Vallee d'Aoste A"]
[Site "Saint Vincent - Chatillon ITA"]
[Date "2004.02.08"]
[Round "1"]
[White "Zhukova, Natalia"]
[Black "Ricci, Alfredo"]
[Result "1-0"]
[WhiteElo "2462"]
[BlackElo "2050"]
[PlyCount "111"]
[EventDate "2004.02.08"]

1. d4 Nf6 2. c4 g6 3. Nc3 d5 4. cxd5 Nxd5 5. e4 Nxc3 6. bxc3 c5 7. Bc4 Bg7 8.
Ne2 O-O 9. O-O cxd4 10. cxd4 Nc6 11. Be3 Na5 12. Bd3 b6 13. Rc1 Bb7 14. d5 Rc8
15. Qd2 Qd7 16. Qb4 Be5 17. Bd4 Qd6 18. Qb2 f6 19. Bxe5 fxe5 20. Nc3 a6 21. Na4
b5 22. Qd2 Nc4 23. Bxc4 bxc4 24. Rb1 Rc7 25. Qa5 Rfc8 26. Nb6 Rd8 27. Rfc1 Rc5
28. Qc3 Qc7 29. Na4 Rb5 30. Rb4 e6 31. Rxc4 Qd6 32. dxe6 Qxe6 33. h3 Qd6 34.
Nc5 Bc8 35. Rb4 Be6 36. a4 Rxb4 37. Qxb4 Rc8 38. Qc3 Qd4 39. Qxd4 exd4 40. Kf1
a5 41. Ke2 Kf7 42. Kd3 Bd7 43. Rc4 Be8 44. Kxd4 Rb8 45. e5 Rb2 46. Ne4 Ke7 47.
Rc7+ Kd8 48. Ra7 Bxa4 49. e6 Bc6 50. e7+ Kc8 51. Ra8+ Kb7 52. e8=Q Bxe8 53.
Rxe8 a4 54. Nc5+ Kc6 55. Re6+ Kb5 56. Rb6+ 1-0

[Event "XII Open Vallee d'Aoste A"]
[Site "Saint Vincent - Chatillon ITA"]
[Date "2004.02.09"]
[Round "2"]
[White "Bayram, Yakup"]
[Black "Roiz, Michael"]
[Result "0-1"]
[WhiteElo "2292"]
[BlackElo "2544"]
[PlyCount "116"]
[EventDate "2004.02.08"]

1. d4 Nf6 2. c4 e6 3. Nf3 d5 4. Nc3 c6 5. Bg5 h6 6. Bxf6 Qxf6 7. e3 Nd7 8. Be2
dxc4 9. Bxc4 g6 10. O-O Bg7 11. e4 e5 12. d5 O-O 13. Rc1 Rd8 14. dxc6 bxc6 15.
Qc2 Nf8 16. Rfd1 Bg4 17. Rxd8 Rxd8 18. Rd1 Bxf3 19. Rxd8 Qxd8 20. gxf3 Qg5+ 21.
Kf1 Qf6 22. Ke2 Nh7 23. Qa4 Ng5 24. Qxa7 Qxf3+ 25. Kd2 Bf8 26. Kc2 Kg7 27. h4
Nxe4 28. Nxe4 Qxe4+ 29. Kb3 Qf3+ 30. Ka4 Qf4 31. b3 h5 32. Qc7 Bc5 33. f3 Bd4
34. Qxc6 Qxh4 35. Qd5 Qf4 36. b4 h4 37. Bf1 Qf5 38. Qe4 Qd7+ 39. Kb3 h3 40. Qg4
Qc6 41. Qxh3 Qc3+ 42. Ka4 Qc2+ 43. Kb5 Qxa2 44. Bc4 Qa8 45. Qf1 Bc3 46. Qb1
Qxf3 47. Ka4 Bd4 48. Qc2 Qa8+ 49. Kb3 Qf3+ 50. Ka4 f5 51. Ba6 Kf6 52. Qc8 Qd5
53. Bc4 Qd6 54. Kb3 Kg5 55. b5 e4 56. Qg8 Bc5 57. Bd5 e3 58. Kc2 e2 0-1